More Obscure Holidays By Socks Quiz Stats

 Plays Quiz not verified by Sporcle

Score 0/20 Timer 03:00
0 Plays Today
% Correct
Winnie-the-Pooh
96.6%
Money
95.1%
Donald Duck
95.1%
Elephants
94.7%
Cheeseburgers
94.4%
Saxophone
94.4%
Scrabble
94.4%
Cards
94.1%
Ice Cream Sandwiches
94%
Red Apples
93.9%
% Correct
Pasta
93.9%
Golf Holes
93.8%
Flowers
93.3%
Strawberries
93.3%
UFO
93%
Doctor
91.7%
Charles Darwin
91.6%
Fishing
91.5%
Puzzle
90.1%
Cherry Pie
87.4%

You're not logged in!

Compare scores with friends on all Sporcle quizzes.
OR
Log In

Sporcle TV

Today on Sporcle TV


Watch our educational content, quiz creation guides, and fun videos on Sporcle TV.

Show Comments

Extras

Top Quizzes Today


Score Distribution

Your Account Isn't Verified!

In order to create a playlist on Sporcle, you need to verify the email address you used during registration. Go to your Sporcle Settings to finish the process.

Report this User

Report this user for behavior that violates our Community Guidelines.

Details: